Detalles MARC
| 000 -CABECERA |
| campo de control de longitud fija |
01892nam a22004097a 4500 |
| 003 - IDENTIFICADOR DEL NÚMERO DE CONTROL |
| campo de control |
DO-SdBNP |
| 005 - FECHA Y HORA DE LA ÚLTIMA TRANSACCIÓN |
| campo de control |
20230310094547.0 |
| 007 - CAMPO FIJO DE DESCRIPCIÓN FÍSICA--INFORMACIÓN GENERAL |
| campo de control de longitud fija |
ta |
| 008 - DATOS DE LONGITUD FIJA--INFORMACIÓN GENERAL |
| campo de control de longitud fija |
220901b 2001|||a| |e |||| 00| 0 spa d |
| 040 ## - FUENTE DE LA CATALOGACIÓN |
| Centro catalogador/agencia de origen |
DO-SdBNP |
| Lengua de catalogación |
spa |
| Centro/agencia transcriptor |
BNPHU |
| 041 ## - CÓDIGO DE LENGUA |
| Código de lengua original |
eng |
| Código de lengua del texto cantado o hablado |
inglés y español |
| 082 #4 - NÚMERO DE LA CLASIFICACIÓN DECIMAL DEWEY |
| Número de edición |
22 |
| Número de clasificación |
759.97293 |
| Número de documento/Ítem |
P181J |
| 100 10 - ENTRADA PRINCIPAL--NOMBRE DE PERSONA |
| Nombre de persona |
Palomero, Federica |
| 9 (RLIN) |
82315 |
| Término indicativo de función/relación |
Ensayos |
| 245 10 - MENCIÓN DE TÍTULO |
| Título |
Julio Valdez : |
| Resto del título |
los sacrificios fecundos / |
| Mención de responsabilidad, etc. |
Federica Palomero, Judith B. Hecker ; traducciones, Leslie Gabaldón y Lorenzo Mans ; editores, RuthTrombka y José Bobadilla ; fotografías, Steven Bates y Becket Logan |
| 246 ## - FORMA VARIANTE DE TÍTULO |
| Título propio/Titulo breve |
Sacrificios fecundos |
| 260 ## - PUBLICACIÓN, DISTRIBUCIÓN, ETC. |
| Lugar de publicación, distribución, etc. |
La Romana, República Dominicana : |
| Nombre del editor, distribuidor, etc. |
Centro Cultural Altos de Chavón, |
| Fecha de publicación, distribución, etc. |
2001. |
| 300 ## - DESCRIPCIÓN FÍSICA |
| Extensión |
56 p.: |
| Otras características físicas |
il.; |
| Dimensiones |
30 cm |
| 500 ## - NOTA GENERAL |
| Nota general |
Incluye datos biográficos del autor en la solapa de la contraportada del libro, en inglé y españól. |
| 504 ## - NOTA DE BIBLIOGRAFÍA, ETC. |
| Nota de bibliografía, etc. |
Bibliografía seleccionada : p. 55. |
| 546 ## - NOTA DE LENGUA/LENGUAJE |
| Nota de lengua/lenguaje |
Inglés y español. |
| 590 ## - NOTA LOCAL (RLIN) |
| Nota local |
Inventariado, 2022 / SA |
| 600 #4 - PUNTO DE ACCESO ADICIONAL DE MATERIA--NOMBRE DE PERSONA |
| Nombre de persona |
Valdez, Julio |
| Fechas asociadas al nombre |
1969- |
| Subdivisión general |
Crítica e interpretación |
| 9 (RLIN) |
82316 |
| 610 #4 - PUNTO DE ACCESO ADICIONAL DE MATERIA--NOMBRE DE ENTIDAD CORPORATIVA |
| Nombre de entidad corporativa o nombre de jurisdicción como elemento de entrada |
Fundación Centro Cultural Altos de Chavón |
| Unidad subordinada |
School of Desigh |
| 9 (RLIN) |
82318 |
| 650 #4 - PUNTO DE ACCESO ADICIONAL DE MATERIA--TÉRMINO DE MATERIA |
| 9 (RLIN) |
368 |
| Término de materia o nombre geográfico como elemento de entrada |
Pintura dominicana |
| Subdivisión de forma |
Catálogos |
| Subdivisión geográfica |
La Romana, República Dominicana |
| 650 #4 - PUNTO DE ACCESO ADICIONAL DE MATERIA--TÉRMINO DE MATERIA |
| 9 (RLIN) |
54101 |
| Término de materia o nombre geográfico como elemento de entrada |
Arte dominicano |
| Subdivisión general |
Exposiciones |
| Subdivisión cronológica |
Siglo XX |
| Fuente del encabezamiento o término |
La Romana, República Dominicana |
| 650 #4 - PUNTO DE ACCESO ADICIONAL DE MATERIA--TÉRMINO DE MATERIA |
| 9 (RLIN) |
23496 |
| Término de materia o nombre geográfico como elemento de entrada |
Arte dominicano |
| Subdivisión general |
Ensayo |
| Subdivisión de forma |
Dibujo |
| -- |
Pintura |
| 650 #0 - PUNTO DE ACCESO ADICIONAL DE MATERIA--TÉRMINO DE MATERIA |
| 9 (RLIN) |
7454 |
| Término de materia o nombre geográfico como elemento de entrada |
Dibujo |
| Subdivisión general |
Catálogo |
| Subdivisión de forma |
Exposiciones |
| Subdivisión geográfica |
2001-2002 |
| Subdivisión cronológica |
La Romana, Repúblico Dominicana |
| 700 #1 - PUNTO DE ACCESO ADICIONAL--NOMBRE DE PERSONA |
| Nombre de persona |
Hecker, Judith B. |
| 9 (RLIN) |
82317 |
| Término indicativo de función/relación |
ensayo |
| 700 #1 - PUNTO DE ACCESO ADICIONAL--NOMBRE DE PERSONA |
| Nombre de persona |
Trombka, Ruth |
| Término indicativo de función/relación |
editor |
| 9 (RLIN) |
82319 |
| 700 #1 - PUNTO DE ACCESO ADICIONAL--NOMBRE DE PERSONA |
| Nombre de persona |
Bobadilla José |
| Término indicativo de función/relación |
editor |
| 9 (RLIN) |
24677 |
| 700 #1 - PUNTO DE ACCESO ADICIONAL--NOMBRE DE PERSONA |
| Nombre de persona |
Gabaldón, Leslie |
| Término indicativo de función/relación |
trad. |
| 9 (RLIN) |
82320 |
| 700 #1 - PUNTO DE ACCESO ADICIONAL--NOMBRE DE PERSONA |
| Nombre de persona |
Mans, Lorenzo |
| Término indicativo de función/relación |
trad. |
| 9 (RLIN) |
82321 |
| 700 #1 - PUNTO DE ACCESO ADICIONAL--NOMBRE DE PERSONA |
| Nombre de persona |
Bates, Steven |
| Término indicativo de función/relación |
fot. |
| 9 (RLIN) |
82322 |
| 700 #1 - PUNTO DE ACCESO ADICIONAL--NOMBRE DE PERSONA |
| Nombre de persona |
Logan, Becket |
| Término indicativo de función/relación |
fot. |
| 9 (RLIN) |
82323 |
| 910 ## - DATOS DE OPCIÓN DEL USUARIO (OCLC) |
| Datos de opción del usuario |
Validado. Control de calidad. MAA |
| 942 ## - ELEMENTOS DE PUNTO DE ACCESO ADICIONAL (KOHA) |
| Fuente del sistema de clasificación o colocación |
Dewey Decimal Classification |
| Tipo de ítem Koha |
Libro |